Mistrzowie świata Formuły 1 - Statystyki

Ogólne statystyki
  • Ten quiz został rozwiązany 11 razy
  • Średni wynik to 59 z 75
Statystyki odpowiedzi
Rok Kierowca Kraj Zespół % Poprawnych
2020 Hamilton 🇬🇧Wielka Brytania Mercedes
100%
2019 Hamilton 🇬🇧Wielka Brytania Mercedes
100%
2018 Hamilton 🇬🇧 Wielka Brytania Mercedes
100%
2017 Hamilton 🇬🇧Wielka Brytania Mercedes
100%
2015 Hamilton 🇬🇧Wielka Brytania Mercedes
100%
2014 Hamilton 🇬🇧Wielka Brytania Mercedes
100%
2024 Verstappen 🇳🇱Holandia Red Bull
100%
2023 Verstappen 🇳🇱Holandia Red Bull
100%
2022 Verstappen 🇳🇱Holandia Red Bull
100%
2021 Verstappen 🇳🇱Holandia Red Bull
100%
2013 Vettel 🇩🇪Niemcy Red Bull
100%
2012 Vettel 🇩🇪Niemcy Red Bull
100%
2011 Vettel 🇩🇪Niemcy Red Bull
100%
2010 Vettel 🇩🇪Niemcy Red Bull
100%
2006 Alonso 🇪🇸Hiszpania Renault
90%
2005 Alonso 🇪🇸Hiszpania Renault
90%
2008 Hamilton 🇬🇧Wielka Brytania McLaren
90%
2007 Raikkonen 🇫🇮Finlandia Ferrari
90%
2016 Rosberg 🇩🇪Niemcy Mercedes
90%
2004 Schumacher 🇩🇪Niemcy Ferarri
90%
2003 Schumacher 🇩🇪Niemcy Ferrari
90%
2002 Schumacher 🇩🇪Niemcy Ferarri
90%
2001 Schumacher 🇩🇪Niemcy Ferrari
90%
2000 Schumacher 🇩🇪Niemcy Ferrari
90%
1991 Senna 🇧🇷Brazylia McLaren
90%
1990 Senna 🇧🇷Brazylia McLaren
90%
1988 Senna 🇧🇷Brazylia McLaren
90%
2009 Button 🇬🇧Wielka Brytania Brawn GP
80%
1999 Hakkinen 🇫🇮Finlandia McLaren
80%
1998 Hakkinen 🇫🇮Finlandia McLaren
80%
1993 Prost 🇫🇷Francja Williams
80%
1989 Prost 🇫🇷Francja McLaren
80%
1986 Prost 🇫🇷Francja McLaren
80%
1985 Prost 🇫🇷Francja McLaren
80%
1995 Schumacher 🇩🇪Niemcy Benetton
80%
1994 Schumacher 🇩🇪Niemcy Benetton
80%
1997 Villeneuve 🇨🇦Kanada Williams
80%
1978 Andretti 🇺🇸USA Lotus
70%
1953 Ascari 🇮🇹Włochy Ferarri
70%
1952 Ascari 🇮🇹Włochy Ferrari
70%
1960 Brabham 🇦🇺Australia Cooper
70%
1959 Brabham 🇦🇺Australia Cooper
70%
1965 Clark 🇬🇧Wielka Brytania Lotus
70%
1963 Clark 🇬🇧Wielka Brytania Lotus
70%
1957 Fangio 🇦🇷Argentyna Maserati
70%
1956 Fangio 🇦🇷Argentyna Ferrari
70%
1955 Fangio 🇦🇷Argentyna Mercedes
70%
1954 Fangio 🇦🇷Argentyna Maserati/Mercedes
70%
1951 Fangio 🇦🇷Argentyna Alfa Romeo
70%
1950 Farina 🇮🇹Włochy Alfa Romeo
70%
1958 Hawthorn 🇬🇧Wielka Brytania Ferrari
70%
1996 Hill 🇬🇧Wielka Brytania Williams
70%
1968 Hill 🇬🇧Wielka Brytania Lotus
70%
1962 Hill 🇬🇧Wielka Brytania BRM
70%
1984 Lauda 🇦🇹Austria McLaren
70%
1992 Mansell 🇬🇧Wielka Brytania Williams
70%
1987 Piquet 🇧🇷Brazylia Williams
70%
1983 Piquet 🇧🇷Brazylia Brabham
70%
1981 Piquet 🇧🇷Brazylia Brabham
70%
1970 Rindt 🇦🇹Austria Lotus
70%
1982 Rosberg 🇫🇮Finlandia Williams
70%
1966 Brabham 🇦🇺Australia Brabham
60%
1974 Fittipaldi 🇧🇷Brazylia McLaren
60%
1972 Fittipaldi 🇧🇷Brazylia Lotus
60%
1961 Hill 🇺🇸USA Ferrari
60%
1976 Hunt 🇬🇧Wielka Brytania McLaren
60%
1980 Jones 🇦🇺Australia Williams
60%
1977 Lauda 🇦🇹Austria Ferrari
60%
1975 Lauda 🇦🇹Austria Ferrari
60%
1979 Scheckter 🇿🇦RPA Ferrari
60%
1973 Stewart 🇬🇧Wielka Brytania Tyrrell
60%
1971 Stewart 🇬🇧Wielka Brytania Tyrrell
60%
1969 Stewart 🇬🇧Wielka Brytania Matra
60%
1967 Hulme 🇳🇿Nowa Zelandia Brabham
50%
1964 Surtees 🇬🇧Wielka Brytania Ferrari
40%
Nie znaleziono quizów pasujących do podanych kryteriów
Rozkład punktacji
Procent ludzi z każdym wynikiem
Percentyl według liczby udzielonych odpowiedzi
Twoja historia wyników
Nie rozwiązałeś tego quizu